000 00287nam a22001337a 4500
008 170418b xxu||||| |||| 00| 0 eng d
020 _a9780913250907
041 _aeng
080 _a612.39
100 _a10
101 _aSHM
245 _aFATS & OILS
_cSTAUFFER, C.E
942 _2udc
_cBK
999 _c10890
_d10890